Pays les plus proches de l'Irlande - Statistiques

Statistiques générales
  • Ce quiz a été pris 105 fois
  • Le résultat moyen est 18 sur 20
Statistiques - réponses
km pays % Correct
821 Allemagne
100%
413 France
100%
0 Royaume-Uni
100%
622 Belgique
99%
839 Norvège
99%
1177 Suède
99%
861 Espagne
98%
1036 Portugal
97%
925 Danemark
96%
668 Pays-Bas
95%
1192 Italie
93%
881 Luxembourg
92%
1088 Suisse
92%
1068 Islande
89%
1253 Autriche
87%
1212 Andorre
86%
1331 Pologne
84%
1264 Liechtenstein
80%
1388 Monaco
79%
1281 Tchèquie
64%
Aucun quiz correspondant
Distribution des résultats
% des personnes avec chaque résultat
Percentile par nombre de réponses
Votre historique - résultats
Vous n’avez pas pris ce quiz